The National Atlas of Korea (Record no. 36032)

MARC details
000 -LEADER
fixed length control field 00352nam a2200157Ia 4500
020 ## - INTERNATIONAL STANDARD BOOK NUMBER
ISBN 9788993841039
050 ## - CALL MARK
Classification number G 2330 .K83/
245 #4 - TITLE STATEMENT
Title The National Atlas of Korea
260 ## - PUBLICATION, DISTRIBUTION, ETC. (IMPRINT)
Place of publication Korea
260 ## - PUBLICATION, DISTRIBUTION, ETC. (IMPRINT)
Name of publisher Hong-Gi Bum
260 ## - PUBLICATION, DISTRIBUTION, ETC. (IMPRINT)
Year of publication 2009
300 ## - PHYSICAL DESCRIPTION
Number of Pages 192 p
942 ## - ADDED ENTRY ELEMENTS (KOHA)
Koha item type Books
Holdings
Withdrawn status Lost status Source of classification or shelving scheme Damaged status Not for loan Permanent Location Current Location Date acquired Accession Number Price effective from Koha item type
    Library of Congress Classification     NILE UNIVERSITY OF NIGERIA - MAIN LIBRARY NILE UNIVERSITY OF NIGERIA - MAIN LIBRARY 04/23/2025 0000800 04/23/2025 Books